00662nam a2200205 a 45000010005000000030009000050080041000140200015000550400028000700820023000982450087001212600047002083000021002555050084002766500016003606500014003766500026003906500012004166500028004289865CO-ViMGA141112s2004 ck r 000 u spa d a9580211744 aCO-ViMGAbspacCO-ViMGA04a500.1 G653 V.7 Ej210aCosmos 7 : bCiencias Naturales, Educación para la Salud y Educación Ambiental aSantafé de Bogotá : bVoluntad, c1998 a272p. : il color aCosmos 7, Ciencias naturales, Educación para la salud y educación ambiental14aCIRCULACION14aDIGESTION14aeducación AMBIENTAL14aENTORNO14aMOVIMIENTO DE LAS ONDAS